Main current in sociological thought (Record no. 222482)

MARC details
000 -LEADER
fixed length control field 01909nam a22002657a 4500
005 - DATE AND TIME OF LATEST TRANSACTION
control field 20220419143454.0
008 - FIXED-LENGTH DATA ELEMENTS--GENERAL INFORMATION
fixed length control field 220419b ||||| |||| 00| 0 eng d
040 ## - CATALOGING SOURCE
Transcribing agency Aloy
041 ## - LANGUAGE CODE
Language code of text/sound track or separate title eng
082 ## - DEWEY DECIMAL CLASSIFICATION NUMBER
Edition number 23
Classification number 301.09
Item number AROM
100 ## - MAIN ENTRY--PERSONAL NAME
Personal name Raymond Aron
100 ## - MAIN ENTRY--PERSONAL NAME
9 (RLIN) 30405
245 ## - TITLE STATEMENT
Title Main current in sociological thought
260 ## - PUBLICATION, DISTRIBUTION, ETC.
Place of publication, distribution, etc. England
Name of publisher, distributor, etc. Penguin Books
Date of publication, distribution, etc. 1965
300 ## - PHYSICAL DESCRIPTION
Extent iv,271 p.
Other physical details PB
Dimensions 18x11 cm.
365 ## - TRADE PRICE
Source of price type code Sociology
440 ## - SERIES STATEMENT/ADDED ENTRY--TITLE
Volume/sequential designation Vol.1
Title A pelican Book
9 (RLIN) 30404
520 ## - SUMMARY, ETC.
Summary, etc. This is the first part of Raymond Aron's landmark two-volume study of the sociological tradition—arguably the definitive work of its kind. More than a work of reconstruction, Aron's study is, at its deepest level, an engagement with the very question of modernity: how did the intellectual currents which emerged in the eighteenth century shape the modern political and philosophical order? With scrupulous fairness, Aron examines the thoughts and arguments of the major social thinkers to discern how they answered this question.<br/>Volume One explores three traditions: the French liberal school of political sociology, represented by Montesquieu and Tocqueville; the Comtean tradition, anticipating Durkheim in its elevation of social unity and consensus; and the Marxists, who posited the struggle between classes and placed their faith in historical necessity. In his customary clear and penetrating prose, Aron argues that each of these schools offers its own theory of the diversity of societies and that "each is inspired both by moral convictions and by scientific hypotheses."<br/>This Routledge Classics edition includes an introduction by Daniel J. Mahoney and Brian C. Anderson.
650 ## - SUBJECT ADDED ENTRY--TOPICAL TERM
Topical term or geographic name entry element Sociology
9 (RLIN) 30397
650 ## - SUBJECT ADDED ENTRY--TOPICAL TERM
Topical term or geographic name entry element Auguste Comte
9 (RLIN) 30398
650 ## - SUBJECT ADDED ENTRY--TOPICAL TERM
Topical term or geographic name entry element Karl Marx
9 (RLIN) 30399
650 ## - SUBJECT ADDED ENTRY--TOPICAL TERM
Topical term or geographic name entry element Montesquieu
9 (RLIN) 30400
650 ## - SUBJECT ADDED ENTRY--TOPICAL TERM
Topical term or geographic name entry element Alexis De Tocqueville
9 (RLIN) 30401
700 ## - ADDED ENTRY--PERSONAL NAME
Personal name ARON (Raymond)
9 (RLIN) 30396
942 ## - ADDED ENTRY ELEMENTS (KOHA)
Source of classification or shelving scheme Dewey Decimal Classification
Koha item type George Fernandes Collections
Holdings
Withdrawn status Lost status Source of classification or shelving scheme Damaged status Not for loan Collection code Home library Current library Date acquired Total Checkouts Full call number Barcode Date last seen Price effective from Koha item type
    Dewey Decimal Classification     Sociology St Aloysius Library St Aloysius Library 03/24/2013   301.09 AROM GF01163 04/19/2022 04/19/2022 George Fernandes Collections